000 00839nam a22002657a 4500
001 BR7400703
003 BR-BrBNA
005 20230928084524.0
007 ta
008 230509b bl.||||| |||| 00| 0 por d
040 _aBR-BrBNA
_bpor
_cBiblioteca Nacional de Agricultura
041 _a(Por)
072 _aF10
_b0150
_b/G514
090 _ 0150 BR7400703
110 1 _aInstituto Rio Grandense do Arroz, Porto Alegre (Brasil). Depto. de Obras e Assistencia Tecnica
_96573
245 1 _aPrecipitacoes pluviometricas dias de chuva e normais em dezenove municipios rizicolas do Estado [Rio Grande do Sul]
260 3 _aPorto Alegre, RS (Brasil):
_c1957.
300 _a43 p.
500 _aNumerical data
650 _aARROZ
650 _aCHUVA
650 _aRIO GRANDE DO SUL
909 _a202309
_bLucia
_c55
_dLucia Elande
942 _cBK
999 _c19514
_d19514